call of duty zombies shangri la - Statistics

General Stats
  • This quiz has been taken 21 times
  • The average score is 6 of 11
Answer Stats
Hint Answer % Correct
new zombie napalm zombie
88%
how many perks are available eight
75%
what month is shangri la during april
69%
explorer brock
69%
new zombie shrieker zombie
63%
what year is shangri la during 1956
56%
explorer gary
56%
who holds the golden rod edward richtofen
44%
stones name focusing stone
38%
monkeys names zombie monkeys
31%
what mountain range is shangri la in himalayes
0%
No matching quizzes found
Score Distribution
Percent of People with Each Score
Percentile by Number Answered
Your Score History
You have not taken this quiz